000
00477nam a2200133Ia 4500
008
100328s9999 xx 000 0 und d
082
_b
56966
100
_a
बेडेकर चित्रा
245
_a
अलेक्झांडर फ्लेमिंग
260
_b
लोकवाडे.मयगृह
630
_a
अलेक्झांडर फ्लेमिंग
730
_a
अलेक्झांडर फ्लेमिंग
942
_c
BOOK
999
_c
543457
_d
543454